000 01772nam a2200445 c 4500
001 58114
003 CO-BoRNBP
005 20250815221752.0
007 ta
008 210901s2019 ck |||er |||f00| 0 spa d
020 _a9789585105072
040 _aCO-BoRNBP
_bspa
_erda
_cCO-BoRNBP
041 0 _aspa
082 0 _a021.09861
_bC65p
_222
110 _aColombia
_bMinisterio de Cultura
_91875
245 1 0 _aPolítica para la gestión del patrimonio bibliográfico y documental /
_cMinisterio de Cultura, Biblioteca Nacional de Colombia ; coordinadora del proyecto Myriam Marín Pedraza ; equipo de trabajo Myriam Marín Pedraza... [y otros ocho].
250 _a1a. edición
264 1 _aBogotá, Colombia :
_bBiblioteca Nacional de Colombia,
_c2019
300 _a116 páginas
336 _2rdacontent
_atexto
_btxt
337 _2rdamedia
_asin mediación
_bn
338 _2rdacarrier
_avolumen
_bnc
504 _aIncluye bibliografía
521 _aRecomendado para un público adulto
650 0 7 _aBibliotecas y comunidad
_zColombia
_2lemb
_91877
650 0 7 _aBibliotecas y estado
_zColombia
_2lemb
_91878
650 0 7 _aPatrimonio documental
_zColombia
_2lemb
_91876
650 0 7 _aPolítica cultural
_zColombia
_2LEMB
_91879
700 _aAngulo Méndez, Sandra
_eaut
_91881
700 _aDelgado, Edgar Allan
_eaut
_91883
700 _aEspaña Rodríguez, Lyda
_eaut
_91886
700 _aJiménez, Jenny Juliana
_eaut
_91888
700 _aMarín Pedraza, Myriam
_etdc
_91880
700 _aMoncada Patiño, José Daniel
_eaut
_91887
700 _aPáez Jaramillo, Camilo Andrés
_eaut
_91885
700 _aQuevedo Urrea, Jaime Humberto
_eaut
_91882
700 _aQuiroz Martínez, Diana
_eaut
_91884
710 _aBiblioteca Nacional de Colombia
_91889
942 _2ddc
_cBK
999 _c58114
_d58114